Pathophysiology/ (Record no. 10113)

000 -LEADER
fixed length control field 00564nam a22001697a 4500
008 - FIXED-LENGTH DATA ELEMENTS--GENERAL INFORMATION
fixed length control field 151124b xxu||||| |||| 00| 0 eng d
020 ## - INTERNATIONAL STANDARD BOOK NUMBER
International Standard Book Number 0801633605
050 ## - LIBRARY OF CONGRESS CALL NUMBER
Classification number RB 113 .M35 1990
100 ## - MAIN ENTRY--PERSONAL NAME
Personal name McCance Kathrynl
Dates associated with a name 1990
245 ## - TITLE STATEMENT
Title Pathophysiology/
Statement of responsibility, etc. Kathrynl McCance
260 ## - PUBLICATION, DISTRIBUTION, ETC. (IMPRINT)
Place of publication, distribution, etc. St. Louis :
Name of publisher, distributor, etc. Mosby,
Date of publication, distribution, etc. 1990
300 ## - PHYSICAL DESCRIPTION
Extent xx, 1452 pages : ill (some color).
Other physical details Includes index;
Dimensions 24 cm
650 ## - SUBJECT ADDED ENTRY--TOPICAL TERM
Topical term or geographic name as entry element Physiology, Pathological.
650 ## - SUBJECT ADDED ENTRY--TOPICAL TERM
Topical term or geographic name as entry element Nursing.
650 ## - SUBJECT ADDED ENTRY--TOPICAL TERM
Topical term or geographic name as entry element Diseas
Form subdivision Nurses' Instruction.
942 ## - ADDED ENTRY ELEMENTS (KOHA)
Source of classification or shelving scheme
Koha item type Hard Covered Materials
Classification part RB 113 .M35 1990
Holdings
Withdrawn status Lost status Source of classification or shelving scheme Damaged status Not for loan Home library Current library Date acquired Source of acquisition Total Checkouts Full call number Barcode Date last seen Price effective from Koha item type
          MACHAKOS UNIVERSITY LIBRARY MACHAKOS UNIVERSITY LIBRARY 24/11/2015 Donation(B.F.A)   SPE RB 113 .M35 1995 18458 24/11/2015 24/11/2015 Hard Covered Materials
          MACHAKOS UNIVERSITY LIBRARY MACHAKOS UNIVERSITY LIBRARY 24/11/2015 Donation (B.F.A)   SPE RB 113 .M35 1997 18828 24/11/2015 24/11/2015 Hard Covered Materials
© Machakos University Library, Along The Highway, Machakos Wote Rd, Machakos, Kenya P.O. Box 136 - 90100 Machakos - Kenya

Tel: ( +254 ) 723 805829 OR Fax : 044-20353 OR Email: library@mksu.ac.ke